<?xml version="1.0" encoding="UTF-8"?>
<collection xmlns="http://www.loc.gov/MARC21/slim">
 <record>
  <leader>00944pam a22002658a 4500</leader>
  <controlfield tag="001">00017872</controlfield>
  <controlfield tag="005">20171026081022.0</controlfield>
  <controlfield tag="008">110422s2002                  ||||||Viesd</controlfield>
  <datafield tag="041" ind1="0" ind2="#">
   <subfield code="a">Vie</subfield>
  </datafield>
  <datafield tag="082" ind1="1" ind2="#">
   <subfield code="a">895.922 132</subfield>
   <subfield code="b">T105Đ</subfield>
  </datafield>
  <datafield tag="100" ind1="0" ind2="#">
   <subfield code="a">Tản Đà</subfield>
  </datafield>
  <datafield tag="245" ind1="0" ind2="0">
   <subfield code="a">Tản Đà toàn tập</subfield>
   <subfield code="c">Nguyễn Quảng Tuân sưu tầm, biên soạn, giới thiệu</subfield>
   <subfield code="n">T.4</subfield>
   <subfield code="b">5 tập</subfield>
  </datafield>
  <datafield tag="260" ind1="#" ind2="#">
   <subfield code="a">H.</subfield>
   <subfield code="b">Văn học</subfield>
   <subfield code="c">2002</subfield>
  </datafield>
  <datafield tag="300" ind1="#" ind2="#">
   <subfield code="a">636tr.</subfield>
   <subfield code="c">21cm.</subfield>
  </datafield>
  <datafield tag="650" ind1="#" ind2="7">
   <subfield code="2">Thơ</subfield>
  </datafield>
  <datafield tag="650" ind1="#" ind2="7">
   <subfield code="2">Tạp văn</subfield>
  </datafield>
  <datafield tag="650" ind1="#" ind2="7">
   <subfield code="2">Văn học hiện đại</subfield>
  </datafield>
  <datafield tag="650" ind1="#" ind2="7">
   <subfield code="2">Việt Nam</subfield>
  </datafield>
  <datafield tag="653" ind1="#" ind2="#">
   <subfield code="a">Dân ca</subfield>
  </datafield>
  <datafield tag="700" ind1="0" ind2="#">
   <subfield code="a">Nguyễn Quảng Tuân</subfield>
   <subfield code="e">sưu tầm, biên soạn, giới thiệu</subfield>
  </datafield>
  <datafield tag="852" ind1="#" ind2="#">
   <subfield code="b">Kho mượn</subfield>
   <subfield code="j">KM.0005801</subfield>
  </datafield>
  <datafield tag="852" ind1="#" ind2="#">
   <subfield code="j">KD.0003334</subfield>
   <subfield code="j">KM.0005801</subfield>
  </datafield>
  <datafield tag="852" ind1="#" ind2="#">
   <subfield code="b">Kho đọc</subfield>
   <subfield code="j">KD.0003331, KD.0003332, KD.0003333, KD.0003334</subfield>
  </datafield>
  <datafield tag="910" ind1=" " ind2=" ">
   <subfield code="d">22/04/2011</subfield>
  </datafield>
  <datafield tag="980" ind1="#" ind2="#">
   <subfield code="a">Trung tâm Học liệu Lê Vũ Hùng, Trường Đại học Đồng Tháp</subfield>
  </datafield>
 </record>
</collection>
